[Event "Florianopolis op 10th"]
[Site "Florianopolis"]
[Date "2024.01.25"]
[Round "7"]
[White "Rodriguez Vila, Andres"]
[Black "Freire Dos Santos, Fernando Juni"]
[Result "1-0"]
[WhiteElo "2407"]
[BlackElo "2262"]
[PlyCount "66"]
[EventDate "2024.01.20"]
[EventType "swiss"]
[EventRounds "10"]
[EventCountry "BRA"]
[SourceTitle "CB05_2024"]
[SourceDate "2024.01.31"]
[SourceVersion "1"]
[SourceVersionDate "2024.01.31"]
[SourceQuality "1"]

1. e4 c6 2. d4 d5 3. e5 c5 4. dxc5 e6 5. a3 Nc6 6. Nf3 Bxc5 7. b4 Bb6 8. Bb2 Nh6 9. Bd3 Nf5 10. 0-0 0-0 11. Nbd2 a5 12. b5 Nce7 13. a4 Ng6 14. g3 Bc5 15. Nb3 b6 16. Re1 Re8 17. h4 Bb4 18. c3 Be7 19. h5 Nf8 20. Nbd4 Nxd4 21. cxd4 f5 22. exf6 gxf6 23. Nh2 Ra7 24. Rc1 Bd6 25. Ng4 Kh8 26. Rc6 Rf7 27. Qf3 Bb7 28. Nh6 Rg7 29. Nf5 Bxc6 30. Nxg7 Kxg7 31. bxc6 Qe7 32. Bc1 Rc8 33. Bb5 Qf7 1-0

[Event "Blumenau Region-ch sf"]
[Site "Blumenau"]
[Date "2015.10.30"]
[Round "2"]
[White "Freire Dos Santos, Fernando Juni"]
[Black "Santos, Marcus Vinicius M"]
[Result "1/2-1/2"]
[WhiteElo "2193"]
[BlackElo "2357"]
[PlyCount "119"]
[EventDate "2015.10.30"]
[EventType "swiss"]
[EventRounds "7"]
[EventCountry "BRA"]
[SourceTitle "CBM 169 Extra"]
[Source "ChessBase"]
[SourceDate "2015.12.18"]
[SourceVersion "1"]
[SourceVersionDate "2015.12.18"]
[SourceQuality "1"]

1. d4 g6 2. c4 Bg7 3. e4 d6 4. Nc3 e5 5. Nge2 Nd7 6. Be3 Ne7 7. d5 f5 8. f3 Nf6 9. Qd2 0-0 10. 0-0-0 fxe4 11. Nxe4 Nf5 12. Bg5 Nxe4 13. fxe4 Qxg5 14. Qxg5 Bh6 15. Qxh6 Nxh6 16. h3 Bd7 17. Nc3 Rf2 18. Rd2 Raf8 19. Rxf2 Rxf2 20. Rg1 Kg7 21. Be2 Rf4 22. Kd2 g5 23. Ke3 Nf7 24. Bd1 Nh8 25. Nb5 Bxb5 26. cxb5 Kf8 27. g3 Rf7 28. Bg4 Ke7 29. Rc1 Kd8 30. Ke2 Ng6 31. Rc3 Ne7 32. Be6 Rf8 33. Ra3 Nc8 34. Rf3 Rxf3 35. Kxf3 Nb6 36. b3 Ke7 37. Kg4 Kf6 38. a4 c5 39. dxc6 bxc6 40. a5 Na8 41. Bg8 c5 42. Bxh7 Nc7 43. Bf5 Nxb5 44. Bd7 Nd4 45. Ba4 Ne2 46. Kf3 Nd4+ 47. Kg4 Ne2 48. Bb5 Nc3 49. Bd3 Nd1 50. Kf3 g4+ 51. hxg4 Kg5 52. Ke2 Nc3+ 53. Kd2 Na2 54. Be2 Kf6 55. Kc2 Kg5 56. Kb2 Nb4 57. Kc3 Kf6 58. Kd2 Kg5 59. Kc3 Kf6 60. Kd2 1/2-1/2

[Event "Blumenau Region-ch sf"]
[Site "Blumenau"]
[Date "2015.10.30"]
[Round "1"]
[White "Weise, William Ferreira"]
[Black "Freire Dos Santos, Fernando Juni"]
[Result "0-1"]
[WhiteElo "1746"]
[BlackElo "2193"]
[PlyCount "46"]
[EventDate "2015.10.30"]
[EventType "swiss"]
[EventRounds "7"]
[EventCountry "BRA"]
[SourceTitle "CBM 169 Extra"]
[Source "ChessBase"]
[SourceDate "2015.12.18"]
[SourceVersion "1"]
[SourceVersionDate "2015.12.18"]
[SourceQuality "1"]

1. e4 c5 2. Nf3 a6 3. d4 cxd4 4. Nxd4 Nf6 5. Nc3 e5 6. Nf3 Bb4 7. Bd3 d5 8. exd5 e4 9. Bxe4 Nxe4 10. Qd4 Bxc3+ 11. bxc3 0-0 12. 0-0 Re8 13. Re1 Bf5 14. Ng5 Nf6 15. Ba3 Rxe1+ 16. Rxe1 Nbd7 17. Re7 Bg6 18. f4 Qa5 19. Qb4 Qxd5 20. Nf3 Be4 21. Ng5 Qd1+ 22. Kf2 Qd2+ 23. Kf1 Ng4 0-1

[Event "Campo Grande Sul Mato op"]
[Site "Campo Grande"]
[Date "2015.09.06"]
[Round "3"]
[White "Freire Dos Santos, Fernando Juni"]
[Black "Gazineu Neto, Rubens"]
[Result "1-0"]
[WhiteElo "2144"]
[BlackElo "2008"]
[PlyCount "51"]
[EventDate "2015.09.05"]
[EventType "swiss"]
[EventRounds "6"]
[EventCountry "BRA"]
[SourceTitle "EXT 2016"]
[Source "ChessBase"]
[SourceDate "2015.10.08"]
[SourceVersion "1"]
[SourceVersionDate "2015.10.08"]
[SourceQuality "1"]

1. e4 c5 2. Nf3 d6 3. d4 cxd4 4. Nxd4 Nf6 5. Nc3 a6 6. Be3 e5 7. Nb3 Be7 8. f3 Be6 9. Nd5 Nxd5 10. exd5 Bf5 11. Qd2 Nd7 12. Na5 Qc7 13. c4 Bd8 14. b4 0-0 15. Be2 Qc8 16. Nb3 b6 17. 0-0 Be7 18. Rfc1 Qb7 19. a4 Rfc8 20. a5 Bd8 21. axb6 Bxb6 22. c5 dxc5 23. bxc5 Bd8 24. Na5 Bxa5 25. Rxa5 Nf6 26. c6 1-0

[Event "Mato Grosso do Sul-ch final"]
[Site "Campo Grande"]
[Date "2015.04.29"]
[Round "1"]
[White "De Sa, Edivaldo Alves"]
[Black "Freire Dos Santos, Fernando Juni"]
[Result "0-1"]
[WhiteElo "1999"]
[BlackElo "2102"]
[PlyCount "90"]
[EventDate "2015.04.29"]
[EventType "match"]
[EventRounds "4"]
[EventCountry "BRA"]
[SourceTitle "EXT 2018"]
[Source "ChessBase"]
[SourceDate "2017.10.13"]
[SourceVersion "1"]
[SourceVersionDate "2017.10.13"]
[SourceQuality "1"]

1. e4 e6 2. d4 d5 3. Nc3 dxe4 4. Nxe4 Bd7 5. Bd3 Bc6 6. Nf3 Nd7 7. Be3 Ngf6 8. Nxf6+ Qxf6 9. Be2 h6 10. c3 g5 11. h3 Bd6 12. Qd2 Be4 13. c4 c6 14. c5 Bc7 15. Rd1 a5 16. b3 Rg8 17. Qc1 Qe7 18. Bd3 Bd5 19. Qc2 f5 20. Qe2 Nf6 21. Rg1 a4 22. b4 a3 23. Bc1 Ra4 24. b5 g4 25. hxg4 Rxg4 26. Kf1 Ne4 27. Qc2 Ra8 28. b6 Bf4 29. Bxf4 Rxf4 30. Rh1 Qg7 31. Bc4 Rg4 32. Bxd5 exd5 33. Rh2 Ke7 34. Re1 Rg8 35. g3 f4 36. Nh4 fxg3 37. Nf5+ Kd7 38. Nxg7 gxh2 39. Ke2 Rg1 40. Qc1 R8xg7 41. Qf4 Rxe1+ 42. Kd3 h1Q 43. Qc7+ Ke6 44. Qe5+ Kf7 45. Qf5+ Nf6 0-1

[Event "Mato Grosso do Sul-ch final"]
[Site "Campo Grande"]
[Date "2015.04.29"]
[Round "2"]
[White "Freire Dos Santos, Fernando Juni"]
[Black "De Sa, Edivaldo Alves"]
[Result "1-0"]
[WhiteElo "2102"]
[BlackElo "1999"]
[PlyCount "111"]
[EventDate "2015.04.29"]
[EventType "match"]
[EventRounds "4"]
[EventCountry "BRA"]
[SourceTitle "EXT 2018"]
[Source "ChessBase"]
[SourceDate "2017.10.13"]
[SourceVersion "1"]
[SourceVersionDate "2017.10.13"]
[SourceQuality "1"]

1. Nf3 Nc6 2. d3 e5 3. e4 d6 4. Be2 Nf6 5. c3 Be7 6. 0-0 0-0 7. a4 Bg4 8. h3 Bd7 9. Nbd2 Qc8 10. Re1 Nd8 11. Bf1 Ne6 12. Nc4 Nc5 13. Ncd2 c6 14. d4 exd4 15. cxd4 Ne6 16. Nb1 d5 17. e5 Ne4 18. Bd3 f5 19. exf6 Nxf6 20. Nc3 Bd6 21. Ne5 Re8 22. Be3 Qc7 23. f4 Nf8 24. g4 h6 25. Qf3 Re7 26. Re2 Rae8 27. Bf2 Bc8 28. Rae1 b6 29. Bh4 Bb7 30. Bf2 a6 31. h4 c5 32. g5 hxg5 33. hxg5 Ne4 34. Nxe4 dxe4 35. Bxe4 Bxe4 36. Qxe4 Qb7 37. Qxb7 Rxb7 38. dxc5 bxc5 39. Rd2 Bxe5 40. Rxe5 Rxe5 41. fxe5 c4 42. Kg2 Kf7 43. Kf3 Ne6 44. Be3 Rb3 45. Ke4 Rb4 46. Kd5 Rxa4 47. Kd6 Nf8 48. e6+ Ke8 49. Bd4 Rb4 50. Rh2 Rb7 51. Rh8 Re7 52. Kd5 Rc7 53. Rg8 c3 54. bxc3 a5 55. Bxg7 a4 56. Bxf8 1-0

[Event "Campo Grande op 2nd"]
[Site "Campo Grande"]
[Date "2014.09.07"]
[Round "4"]
[White "Freire Dos Santos, Fernando Juni"]
[Black "Turine, Oswaldo"]
[Result "1-0"]
[WhiteElo "2090"]
[BlackElo "1852"]
[PlyCount "77"]
[EventDate "2014.09.05"]
[EventType "swiss"]
[EventRounds "5"]
[EventCountry "BRA"]
[SourceTitle "CBM 162 Extra"]
[Source "ChessBase"]
[SourceDate "2014.10.17"]
[SourceVersion "1"]
[SourceVersionDate "2014.10.17"]
[SourceQuality "1"]

1. c4 c6 2. Nf3 d6 3. Nc3 Nd7 4. g3 e5 5. Bg2 Ngf6 6. 0-0 Be7 7. d4 0-0 8. Rb1 a6 9. e3 e4 10. Nd2 d5 11. cxd5 cxd5 12. f3 exf3 13. Qxf3 Nb6 14. Ra1 Be6 15. h3 Qc8 16. g4 h6 17. Ne2 Nh7 18. Nf4 Ng5 19. Qd1 Bf6 20. Qb3 Bd8 21. Nb1 Nc4 22. Nc3 Na5 23. Qa4 Bd7 24. Qd1 Bc6 25. Ncxd5 Bxd5 26. Bxd5 Rb8 27. h4 Nh7 28. Ng6 Nf6 29. Rxf6 gxf6 30. Nxf8 Kxf8 31. e4 Qc7 32. Bxh6+ Ke8 33. e5 fxe5 34. Qf3 Qe7 35. Re1 Bc7 36. Bg5 Qd7 37. dxe5 Nc6 38. e6 Qd6 39. Qxf7# 1-0

[Event "BRA-ch Amateur"]
[Site "Goiania"]
[Date "2012.02.21"]
[Round "7"]
[White "Freire Dos Santos, Fernando Juni"]
[Black "Garkauskas, Otto Dmitry"]
[Result "1/2-1/2"]
[WhiteElo "2040"]
[BlackElo "2083"]
[PlyCount "51"]
[EventDate "2012.02.18"]
[EventType "swiss"]
[EventRounds "7"]
[EventCountry "BRA"]
[SourceTitle "CBM 147 Extra"]
[Source "ChessBase"]
[SourceDate "2012.04.24"]
[SourceVersion "1"]
[SourceVersionDate "2012.04.24"]
[SourceQuality "1"]

1. d4 d5 2. c4 c6 3. Nf3 Nf6 4. Nc3 dxc4 5. a4 Bf5 6. e3 e6 7. Bxc4 Bb4 8. 0-0 0-0 9. Qe2 Nbd7 10. e4 Bg6 11. e5 Nd5 12. Nxd5 cxd5 13. Bd3 Bh5 14. Qe3 Be7 15. Bd2 Nb8 16. Ne1 Nc6 17. Nc2 a5 18. f4 Bg6 19. Kh1 Qd7 20. b3 Rac8 21. Rfc1 Qd8 22. Bxg6 fxg6 23. g3 Qb6 24. Qf3 Nb4 25. Nxb4 Bxb4 26. Bxb4 1/2-1/2

[Event "BRA-ch Amateur"]
[Site "Goiania"]
[Date "2012.02.20"]
[Round "5"]
[White "De Oliveira, Aquiles Machado"]
[Black "Freire Dos Santos, Fernando Juni"]
[Result "1/2-1/2"]
[WhiteElo "2083"]
[BlackElo "2040"]
[PlyCount "68"]
[EventDate "2012.02.18"]
[EventType "swiss"]
[EventRounds "7"]
[EventCountry "BRA"]
[SourceTitle "CBM 147 Extra"]
[Source "ChessBase"]
[SourceDate "2012.04.24"]
[SourceVersion "1"]
[SourceVersionDate "2012.04.24"]
[SourceQuality "1"]

1. e4 c5 2. Nf3 e6 3. d4 cxd4 4. Nxd4 a6 5. Bd3 d6 6. 0-0 Nf6 7. c4 Be7 8. Nc3 0-0 9. Qe2 b6 10. f4 Bb7 11. b3 Nbd7 12. Bb2 Qc7 13. Rae1 g6 14. f5 gxf5 15. exf5 e5 16. Nc2 Kh8 17. Ne3 Rg8 18. Rf2 Bf8 19. Qc2 Re8 20. Ncd5 Qd8 21. Be4 Ba8 22. Nxf6 Nxf6 23. Bxa8 Qxa8 24. Qd3 Qc6 25. Nd5 Nd7 26. Qh3 b5 27. Re4 f6 28. Qh5 Be7 29. Rh4 Nf8 30. Bc1 Bd8 31. Bh6 Qd7 32. Rf3 bxc4 33. bxc4 Qa4 34. Qf7 Qd7 1/2-1/2

[Event "Bauru op U2200"]
[Site "Bauru"]
[Date "2010.09.18"]
[Round "3"]
[White "Herbst Neto, Eugenio"]
[Black "Freire Dos Santos, Fernando Juni"]
[Result "1/2-1/2"]
[WhiteElo "1942"]
[BlackElo "2040"]
[PlyCount "175"]
[EventDate "2010.09.??"]
[EventType "swiss"]
[EventRounds "6"]
[EventCountry "BRA"]
[SourceTitle "EXT 2014"]
[Source "ChessBase"]
[SourceDate "2013.11.20"]
[SourceVersion "1"]
[SourceVersionDate "2013.11.20"]
[SourceQuality "1"]

1. d4 Nf6 2. Nf3 d5 3. e3 c6 4. Bd3 Bg4 5. Nbd2 Nbd7 6. h3 Bh5 7. g4 Bg6 8. Qe2 e6 9. e4 h5 10. g5 Nh7 11. exd5 Bxd3 12. Qxd3 Nxg5 13. Nxg5 Qxg5 14. dxe6 Qe7 15. Qe2 Qxe6 16. Qxe6+ fxe6 17. Ne4 e5 18. Be3 exd4 19. Bxd4 Rh6 20. 0-0-0 c5 21. Bc3 Ra6 22. Kb1 0-0-0 23. Rhg1 Re8 24. f3 g6 25. Rg5 Be7 26. Rgd5 Rd8 27. b3 Rc6 28. Nd6+ Bxd6 29. Rxd6 Rxd6 30. Rxd6 Rf8 31. Rd3 Rf4 32. Bd2 Rf5 33. f4 Nf6 34. Be3 b6 35. c4 Kc7 36. Kc2 h4 37. Bd2 Ne4 38. Be3 a5 39. Kd1 Ng3 40. Bf2 Ne4 41. Bxh4 Rxf4 42. Bg3 Nxg3 43. Rxg3 Rf1+ 44. Kc2 Rf2+ 45. Kb1 Rf6 46. Kc2 Kd6 47. a4 Ke5 48. Kd3 Kf4 49. Rg1 Rd6+ 50. Ke2 Re6+ 51. Kf2 g5 52. Rg4+ Kf5 53. Rg3 Rh6 54. Rf3+ Ke5 55. Re3+ Kd4 56. Rg3 Rh4 57. Ke2 Re4+ 58. Kd2 Rh4 59. Kc2 Rf4 60. Rd3+ Ke5 61. Rd5+ Ke4 62. Rxg5 Rf2+ 63. Kc1 Kd4 64. Rg4+ Kc3 65. Rg3+ Kb4 66. Kd1 Rb2 67. h4 Rh2 68. Rg6 Kxb3 69. Rxb6+ Kxc4 70. Rb5 Kd3 71. Rb3+ Kc4 72. Rb5 Rxh4 73. Rxa5 Rh2 74. Ra8 Ra2 75. a5 Kb5 76. Rb8+ Kc4 77. Ra8 Kd3 78. Rd8+ Kc3 79. Ra8 Kb4 80. a6 Kb5 81. a7 Kb6 82. Rb8+ Kxa7 83. Rb5 c4 84. Rb4 c3 85. Rc4 Ra3 86. Kc2 Kb6 87. Rxc3 Rxc3+ 88. Kxc3 1/2-1/2

[Event "Bauru op U2200"]
[Site "Bauru"]
[Date "2010.09.17"]
[Round "2"]
[White "Freire Dos Santos, Fernando Juni"]
[Black "Branchini, Fernando Luis Sakam"]
[Result "1-0"]
[WhiteElo "2040"]
[BlackElo "1866"]
[PlyCount "109"]
[EventDate "2010.09.??"]
[EventType "swiss"]
[EventRounds "6"]
[EventCountry "BRA"]
[SourceTitle "EXT 2014"]
[Source "ChessBase"]
[SourceDate "2013.11.20"]
[SourceVersion "1"]
[SourceVersionDate "2013.11.20"]
[SourceQuality "1"]

1. d4 Nf6 2. c4 e6 3. Nf3 b6 4. g3 Bb7 5. Bg2 Bb4+ 6. Bd2 Be7 7. 0-0 0-0 8. Nc3 d6 9. d5 exd5 10. Nh4 Ne4 11. Nf5 Bf6 12. Nxd5 Re8 13. Qc2 Bxd5 14. cxd5 Nxd2 15. Qxd2 Qd7 16. e4 Qb5 17. Rac1 Na6 18. Rc2 Nc5 19. Re1 a5 20. g4 Qb4 21. h4 Nd3 22. Re2 Qxd2 23. Rexd2 Nc5 24. f3 g6 25. Nh6+ Kg7 26. g5 Be5 27. Ng4 f6 28. gxf6+ Bxf6 29. Nxf6 Kxf6 30. Kf2 Ke5 31. Kg3 Rf8 32. Rc3 h6 33. b3 g5 34. hxg5 hxg5 35. Bh3 Rf4 36. Re3 Rh4 37. Rd1 Rah8 38. Bg2 R8h7 39. Rc3 g4 40. f4+ Kf6 41. Re3 Nd7 42. e5+ dxe5 43. fxe5+ Nxe5 44. Rf1+ Nf3 45. Re4 Kg5 46. Rc1 Kf5 47. Rcc4 Ne5 48. Rf4+ Kg5 49. Rcd4 Rf7 50. Rde4 Rxf4 51. Rxe5+ Kf6 52. Kxf4 Rh2 53. Re6+ Kf7 54. Kg3 Rh8 55. Rc6 1-0